000
00297nam a2200133Ia 4500
005
20251222152633.0
008
251222s9999||||xx |||||||||||||| ||spa||
082
_a
823.8/W73
100
_a
Wiseman, Nicolas E.
245
0
_a
Fabiola
250
_a
3ra.ed.
264
_b
Universo S.A.
942
_c
LIB
999
_c
27806
_d
27806